logo

Bir Sreshtho Munshi Abdur Rouf Library
Jhenaidah Cadet College

উইনির চোখে ম্যান্ডেলা / (Record no. 1118)

MARC details
000 -LEADER
fixed length control field 00708nam a2200229 a 4500
001 - CONTROL NUMBER
JCCL Control Number 1118
003 - CONTROL NUMBER IDENTIFIER
JCCL marc code BD-JhCC
005 - DATE AND TIME OF LATEST TRANSACTION
control field 20171015155042.0
008 - FIXED-LENGTH DATA ELEMENTS--GENERAL INFORMATION
fixed length control field 171015s2008 bg |||| |||| 000 0aben d
020 ## - INTERNATIONAL STANDARD BOOK NUMBER
International Standard Book Number 9847012400265
035 ## - SYSTEM CONTROL NUMBER
system control number (BD-JhCC)1118
040 ## - CATALOGING SOURCE
Original cataloging agency BD-JhCC
Modifying agency BD-JhCC
041 ## - LANGUAGE CODE
Language code of Book ben
082 ## - DEWEY DECIMAL CLASSIFICATION NUMBER
Classification number 968.064092
Author mark and Year BEG 2008
100 ## - MAIN ENTRY--PERSONAL NAME
Personal name বেগম, মালেকা
245 ## - TITLE STATEMENT
Title উইনির চোখে ম্যান্ডেলা /
Statement of responsibility, etc মালেকা বেগম
260 ## - PUBLICATION, DISTRIBUTION, ETC. (IMPRINT)
Place of publication, distribution, etc ঢাকা:
Name of publisher, distributor, etc সাহিত্য প্রকাশ,
Date of publication, distribution, etc ২০০৮.
300 ## - PHYSICAL DESCRIPTION
Pagination ১৩১ পৃ .:
Dimensions ২১ সেমি.
600 ## - SUBJECT ADDED ENTRY--PERSONAL NAME
Personal name mendala, Nelson
942 ## - ADDED ENTRY ELEMENTS (KOHA)
Source of classification or shelving scheme Dewey Decimal Classification
Koha item type Books
Holdings
Source of classification or shelving scheme Damaged status Not for loan Home library Current library Shelving location Date of accession Source of acquisition Cost, normal purchase price Total Checkouts Full call number Barcode Date last seen Copy number Koha item type
Dewey Decimal Classification     JCC Rouf Library JCC Rouf Library General Stacks 10/15/2017 Zahedee Foundation 120.00   968.064092 BEG 2008 1718 10/15/2017 C-1 Books

JCC Library | Contacts | JCC Home

Last Update on 23 September 2017
Copyright @ 2017-2020 JCC Rouf Library
Rouf Library, Jhenidah Cadet College (JCC), Bangladesh